Makeup Brands - Statistics

General Stats
  • This quiz has been taken 605 times
  • The average score is 5 of 15
Answer Stats
Hint Answer % Correct
M MAC
66%
U Urban Decay
53%
N NARS
52%
B Benefit
49%
S Sephora
45%
D Dior
39%
C CHANEL
36%
N NYX
36%
E Estee Lauder
28%
C Clinique
23%
B Bobbi Brown
16%
S Smashbox
14%
B Bare Minerals
11%
C Clarins
10%
O Olay
10%
No matching quizzes found
Score Distribution
Percent of People with Each Score
Percentile by Number Answered
Your Score History
You have not taken this quiz